Les 15 meilleurs buteurs de la ligue des champions (saison 2023-2024) - Statistiques

Statistiques générales
  • Ce quiz a été pris 104 fois
  • Le résultat moyen est 12 sur 15
Statistiques - réponses
Classement
Nombre
de buts
Équipe Joueur % Correct
2 8 Paris Kylian Mbappé
100%
3 6 Atletico Madrid Antoine Griezmann
99%
4 6 Manchester City Erling Haaland
99%
1 8 Bayern Munich Harry Kane
98%
5 6 Real Madrid Vinicius Junior
98%
9 5 Manchester City Phil Foden
93%
14 4 Arsenal Bukayo Saka
87%
12 5 Real Madrid Rodrygo
86%
6 5 Atletico Madrid Alvaro Morata
80%
13 4 Arsenal Gabreil Jesus
71%
8 5 Manchester City Julian Alvarez
71%
11 5 Real Madrid Joselu
66%
10 5 Manchester United Rasmus Hojlund
53%
15 4 Arsenal Leandro Trossard
51%
7 5 Porto Galeno
26%
Aucun quiz correspondant
Distribution des résultats
% des personnes avec chaque résultat
Percentile par nombre de réponses
Votre historique - résultats
Vous n’avez pas pris ce quiz